| 000 | 00754nam a2200241 a 4500 | ||
|---|---|---|---|
| 001 | BRL_1767 | ||
| 005 | 20190320211346.0 | ||
| 008 | 290715s1981----mx-#######---#000-0#spa-# | ||
| 041 | _aspa | ||
| 044 | _amx | ||
| 050 | 4 |
_aGT4214.C46 _b.C37 1981 |
|
| 245 | 1 | 0 |
_aEl carnaval en Chamula _cRecopiladores Juan Jaime Manguen, Irma Montesinos. |
| 260 |
_aChiapas _bUniversidad Autónoma de CHiapas, Fray Bartolomé de las Casas _c1981 |
||
| 300 |
_a55 p. _c21 cm. |
||
| 500 | _aAu1996 | ||
| 504 | _aBibliografía: p. 57 | ||
| 650 | 1 | 4 |
_aCarnaval _zChamula (México) _927822 |
| 651 | 4 |
_aChamula (México) _xVida social y costumbres _927823 |
|
| 700 | 1 |
_aManguen, Juan Jaime _923145 |
|
| 700 | 1 |
_aMontesinos, Irma _923146 |
|
| 902 | _aGRL | ||
| 942 |
_2lcc _cB |
||
| 999 |
_c10575 _d10575 |
||